000 00759nam a2200301 4500
001
003 DO-SdBNP
005 20171201114502.0
008 930725s1992 sp spa
016 7 _a
_z
_2
017 _a
_b
020 _a8423321207
035 _a
040 _a
_bspa
_c
080 0 _a
082 _a372.4
_bC689l
100 1 _aCole, Babette
245 1 3 _aEl libro tonto /
_h
_cBabette Cole
260 1 _aBarcelona :
_bEdiciones Destino,
_c1992
_f
300 _a60 p. :
_bil. ;
_c28 cm
490 0 _a
_v
650 _aLibros ilustrados para niƱos
942 _2ddc
_cBK
945 _aInventariado extranjero / 2017 VM
956 _a VMATEO
_b10
_c20171201
_dBPMSU
_f0069
980 _a
_b
_j
_c
980 _a
_b
_j
_c
999 _c13236
_d13236